Bluey 5-minute stories. (Record no. 378786)
[ view plain ]
| 000 -LEADER | |
|---|---|
| fixed length control field | 01808cam a2200505 i 4500 |
| 001 - CONTROL NUMBER | |
| control field | BK0029216535 |
| 005 - DATE AND TIME OF LATEST TRANSACTION | |
| control field | 20221115101359.0 |
| 008 - FIXED-LENGTH DATA ELEMENTS--GENERAL INFORMATION | |
| fixed length control field | 221012s2022 nyua a 000 1 eng d |
| 020 ## - INTERNATIONAL STANDARD BOOK NUMBER | |
| International Standard Book Number | 9780593521908 |
| Terms of availability | 14.99 |
| 020 ## - INTERNATIONAL STANDARD BOOK NUMBER | |
| International Standard Book Number | 0593521900 |
| Terms of availability | 14.99 |
| 040 ## - CATALOGING SOURCE | |
| Description conventions | rda |
| 092 ## - LOCALLY ASSIGNED DEWEY CALL NUMBER (OCLC) | |
| Classification number | easy |
| 999 ## - SYSTEM CONTROL NUMBERS (KOHA) | |
| Koha Dewey Subclass [OBSOLETE] | 03824178 |
| 100 ## - MAIN ENTRY--PERSONAL NAME | |
| Personal name | Penguin Young Readers Licenses (COR) |
| 9 (RLIN) | 6434232 |
| 245 00 - TITLE STATEMENT | |
| Title | Bluey 5-minute stories. |
| Remainder of title | 6 Stories in 1 Book? Hooray! |
| 246 30 - VARYING FORM OF TITLE | |
| Title proper/short title | 5-minute stories |
| 246 3# - VARYING FORM OF TITLE | |
| Title proper/short title | Bluey five-minute stories |
| 246 3# - VARYING FORM OF TITLE | |
| Title proper/short title | Five-minute stories |
| 250 ## - EDITION STATEMENT | |
| Edition statement | Bind-up edition. |
| 264 #1 - Production, Publication, Distribution, Manufacture, and Copyright Notice. | |
| Place of production, publication, distribution, manufacture | New York, New York : |
| Name of producer, publisher, distributor, manufacturer | Penguin Young Readers Licensies, an imprint of Penguin Radom House LLC, |
| Date of production, publication, distribution, manufacture, or copyr | 2022. |
| 336 ## - Content Type | |
| Content type term | text |
| 336 ## - Content Type | |
| Content type term | still image |
| 337 ## - Media type | |
| Media type term | unmediated |
| 338 ## - Carrier type | |
| Carrier type term | volume |
| 505 0# - FORMATTED CONTENTS NOTE | |
| Formatted contents note | The pool -- Bingo -- Charades -- Hammerbarn -- Typewriter -- Baby race. |
| 520 ## - SUMMARY, ETC. | |
| Summary, etc | "A collection of stories each crafted for reading in five minutes or less. This treasury includes 6 stories of Bluey and Bingo and their amazing adventures with their friends and family!"-- |
| 600 01 - SUBJECT ADDED ENTRY--PERSONAL NAME | |
| Personal name | Bluey |
| Titles and other words associated with a name | (Fictitious character) |
| Form subdivision | Fiction. |
| 9 (RLIN) | 6454293 |
| 650 #1 - SUBJECT ADDED ENTRY--TOPICAL TERM | |
| Topical term or geographic name as entry element | Dogs |
| Form subdivision | Fiction. |
| 9 (RLIN) | 5674795 |
| 650 #1 - SUBJECT ADDED ENTRY--TOPICAL TERM | |
| Topical term or geographic name as entry element | Australian cattle dog |
| Form subdivision | Fiction. |
| 9 (RLIN) | 6410518 |
| 650 #1 - SUBJECT ADDED ENTRY--TOPICAL TERM | |
| Topical term or geographic name as entry element | Short stories |
| 650 #1 - SUBJECT ADDED ENTRY--TOPICAL TERM | |
| Topical term or geographic name as entry element | Picture books |
| 655 #7 - INDEX TERM--GENRE/FORM | |
| Genre/form data or focus term | Short stories |
| Source of term | lcgft |
| 655 #7 - INDEX TERM--GENRE/FORM | |
| Genre/form data or focus term | Picture books |
| Source of term | lcgft |
| 710 2# - ADDED ENTRY--CORPORATE NAME | |
| Corporate name or jurisdiction name as entry element | Penguin Young Readers Group |
| Relator term | editor. |
| 9 (RLIN) | 6006494 |
| 730 0# - ADDED ENTRY--UNIFORM TITLE | |
| Uniform title | BLANK AUTHORITY TEXT |
| 9 (RLIN) | 5768818 |
| 730 0# - ADDED ENTRY--UNIFORM TITLE | |
| Uniform title | Bluey (Television program) |
| 9 (RLIN) | 6421999 |
| 740 02 - ADDED ENTRY--UNCONTROLLED RELATED/ANALYTICAL TITLE | |
| Uncontrolled related/analytical title | Pool. |
| 740 02 - ADDED ENTRY--UNCONTROLLED RELATED/ANALYTICAL TITLE | |
| Uncontrolled related/analytical title | Bingo. |
| 740 02 - ADDED ENTRY--UNCONTROLLED RELATED/ANALYTICAL TITLE | |
| Uncontrolled related/analytical title | Charades. |
| 740 02 - ADDED ENTRY--UNCONTROLLED RELATED/ANALYTICAL TITLE | |
| Uncontrolled related/analytical title | Hammerbarn. |
| 740 02 - ADDED ENTRY--UNCONTROLLED RELATED/ANALYTICAL TITLE | |
| Uncontrolled related/analytical title | Typewriter. |
| 740 02 - ADDED ENTRY--UNCONTROLLED RELATED/ANALYTICAL TITLE | |
| Uncontrolled related/analytical title | Baby race. |
| 830 #0 - SERIES ADDED ENTRY--UNIFORM TITLE | |
| Uniform title | Bluey series. |
| 9 (RLIN) | 6422000 |
| 942 ## - ADDED ENTRY ELEMENTS (KOHA) | |
| Source of classification or shelving scheme | Dewey Decimal Classification |
| Koha item type | BOOK |
| Withdrawn status | Lost status | Source of classification or shelving scheme | Damaged status | Not for loan | Collection code | Home library | Current library | Shelving location | Date acquired | Source of acquisition | Total Checkouts | Total Renewals | Full call number | Barcode | Checked out | Date last seen | Date checked out | Cost, replacement price | Price effective from | Koha item type |
|---|---|---|---|---|---|---|---|---|---|---|---|---|---|---|---|---|---|---|---|---|
| Dewey Decimal Classification | Children Picture Books | Wasatch County Library | Wasatch County Library | Main Floor Childrens Area | 02/02/2024 | Penworthy | 24 | 24 | E Bluey | 34301002064766 | 04/01/2026 | 02/03/2026 | 02/03/2026 | 14.99 | 02/02/2024 | BOOK |
